[Event "GER-chT School WK Girls"]
[Site "Playchess.com INT"]
[Date "2020.06.17"]
[Round "7.1"]
[White "Dietz, Kristin"]
[Black "Majji, Ruthvika"]
[Result "1-0"]
[WhiteElo "1620"]
[BlackElo "1446"]
[PlyCount "57"]
[EventDate "2020.06.10"]
[EventType "team-swiss (blitz)"]
[EventRounds "7"]
[EventCountry "GER"]
[SourceTitle "EXT 2021"]
[Source "ChessBase"]
[SourceDate "2020.10.23"]
[SourceVersion "1"]
[SourceVersionDate "2020.10.23"]
[SourceQuality "1"]
[WhiteTeam "Halle Cantor Gymn"]
[BlackTeam "Hamburg Dempwolffstr"]
[WhiteTeamCountry "GER"]
[BlackTeamCountry "GER"]

1. e4 e5 2. Nf3 Bc5 3. Bc4 Nc6 4. b4 Bxb4 5. c3 Bc5 6. d4 exd4 7. cxd4 Bxd4 8. Nxd4 Nf6 9. Nxc6 bxc6 10. 0-0 d5 11. exd5 cxd5 12. Bb5+ c6 13. Bxc6+ Bd7 14. Bxa8 Qxa8 15. Be3 0-0 16. Nc3 Qb8 17. Nxd5 Nxd5 18. Qxd5 Bb5 19. Rfb1 a6 20. a4 Rd8 21. Qf3 Qc8 22. axb5 axb5 23. Rxb5 Rd7 24. Rba5 h6 25. Ra8 Qxa8 26. Rxa8+ Kh7 27. Qf5+ g6 28. Qxd7 h5 29. Qxf7# 1-0